Memorias facultativas y economico-administrativa referentes a la explotacion de las minas de oro existentes en las margenes del Sil / (Record no. 165495)

MARC details
000 -LEADER
campo de control de longitud fija 00973nam a2200181 i 4500
001 - NÚMERO DE CONTROL
campo de control 165495
003 - IDENTIFICADOR DE NÚMERO DE CONTROL
campo de control ES-MaACL
005 - FECHA Y HORA DE LA ÚLTIMA TRANSACCIÓN
campo de control 20230906213141.0
008 - DATOS DE LONGITUD FIJA--INFORMACIÓN GENERAL
campo de control de longitud fija 960520s1877 sp |||| | spa d
110 2# - ENTRADA PRINCIPAL--NOMBRE DE ENTIDAD CORPORATIVA
Nombre de entidad corporativa o nombre de jurisdicción como elemento de entrada Sociedad Montañesa-Galaico-Leonesa.
9 (RLIN) 134899
245 10 - MENCIÓN DEL TÍTULO
Título Memorias facultativas y economico-administrativa referentes a la explotacion de las minas de oro existentes en las margenes del Sil /
Mención de responsabilidad, etc. por la Sociedad Montañesa-Galaico-Leonesa fundada legalmente en virtud de escritura publica otorgada en Santander ante el notario D. Ricardo Cajigal.
260 ## - PUBLICACIÓN, DISTRIBUCIÓN, ETC.
Lugar de publicación, distribución, etc. Santander :
Nombre del editor, distribuidor, etc. [s.n.],
Fecha de publicación, distribución, etc. 1877 (
Fabricante Imp. y lit. de Telesforo Martínez)
300 ## - DESCRIPCIÓN FÍSICA
Extensión 30, 9 p. ;
Dimensiones 21 cm.
594 ## - Nota al título y mención de responsabilidad
Nota al título y mención de responsabilidad Memoria económico-administrativa sobre la constitución de la compañía especial minera denominada Montañesa-Galaico-Leonesa; con port. y pag. propias.
650 #4 - PUNTO DE ACCESO ADICIONAL DE MATERIA--TÉRMINO DE MATERIA
Término de materia o nombre geográfico como elemento de entrada Minas de oro-
Subdivisión geográfica Galicia.
9 (RLIN) 136641
650 #4 - PUNTO DE ACCESO ADICIONAL DE MATERIA--TÉRMINO DE MATERIA
Término de materia o nombre geográfico como elemento de entrada Oro-
Subdivisión general Explotaciones-
Subdivisión geográfica Galicia.
9 (RLIN) 136639
852 ## - LOCALIZACIÓN
Ubicación ES-MaACL
Número de control de estantería 1607-F-13
Holdings
Estatus retirado Estado de pérdida Estado de daño No para préstamo Colección Biblioteca de origen Biblioteca actual Ubicación en estantería Fecha de adquisición Fuente de adquisición Total de préstamos Signatura topográfica completa Código de barras Visto por última vez Precio de reemplazo Tipo de ítem Koha
        Colección de folletos Biblioteca del Ateneo de Madrid Biblioteca del Ateneo de Madrid Depósito folletos 17/01/2008     1607-F-13 1173552 23/02/2023 23/02/2023 Folleto